Quizzes
Events
Quiz Creation
Community
Videos
Private Events
Remove Ads
Sign In
Join for FREE
Feedback
Dark Mode
Quiz Categories
Sports
Geography
Music
Movies
Television
Just For Fun
Miscellaneous
History
Literature
Language
Science
Gaming
Entertainment
Religion
Holiday
For Kids
Quiz Lab
Recent
Popular Today
Quiz Kudos Today
Editor Picks
Curator Picks
Quizzes by...
Day
Popularity
Type
Ratings
Length
Year
Community
Subscriptions
Recent Discussions
Orange Saloon
Badges
Playlists
Quests
Create
Leaderboards
Showdown
Live 5
Trivia Bingo
Activity
Puzzle Library
Sporcle Events
Private Events
Virtual Trivia
Globe League
Become a Host
Pub Owners
SporcleCon
Opinionation
Our Games
Videos
Blog
Mobile Apps
Partnerships
Remove Ads and Go Orange
Feedback
Sports
Athletes
MLB
NBA
NHL
NFL
Soccer
Sports Teams
WWE
NCAA
Football
Premier League
Basketball
Baseball
Hockey
Golf
Tennis
Cricket
Rugby
Auto Racing
Olympics
World Cup
Sports
Athletes
MLB
NBA
NHL
NFL
Soccer
Sports Teams
WWE
NCAA
Football
Premier League
Basketball
Baseball
Hockey
Golf
Tennis
Cricket
Rugby
Auto Racing
Olympics
World Cup
Random Quiz
Search Sporcle
×
Quiz Lab
Quiz Lab
Sports
NBA
Type in answers that appear in a list
Type in answers that appear in a list
Classic
Best Score? Go Orange.
NBA Top 40 In Free Throws Made 1/18/11 Stats
Can you name the NBA Top 40 In Free Throws Made 1/18/11?
By
Earlg33
5m
40 Questions
166 Plays
166 Plays
166 Plays
Comments
Comments
Give Quiz Kudos
Give Quiz Kudos
-
- Ratings
hide this ad
Replay
Link that replays current quiz
Next Quiz
Link to next quiz in quiz playlist
You Got
0%
They Got
Avg Score
86%
Avg Friend Score
Upgrade to see
Score Distribution
Jump to the score distribution portion of the page
Score
0/40
Timer
05:00
0
Plays Today
Team
Player
% Correct
Thunder
Kevin Durant
97.6%
Lakers
Kobe Bryant
97.6%
Heat
LeBron James
97.6%
Heat
Dwyane Wade
97%
Magic
Dwight Howard
96.4%
Nuggets
Carmelo Anthony
96.4%
Thunder
Russell Westbrook
95.8%
Jazz
Deron Williams
95.8%
Lakers
Pau Gasol
95.8%
Heat
Chris Bosh
95.8%
76ers
Lou Williams
95.8%
Hornets
David West
95.2%
Knicks
Amare Stoudemire
94.6%
Spurs
Manu Ginobili
94.6%
Bulls
Derrick Rose
94.6%
Hornets
Chris Paul
94%
Celtics
Paul Pierce
94%
Timberwolves
Kevin Love
93.4%
Mavericks
Dirk Nowitzki
93.4%
Nuggets
Chauncey Billups
91.6%
Team
Player
% Correct
Nets
Brook Lopez
91%
Clippers
Blake Griffin
91%
Warriors
Monta Ellis
91%
Pacers
Danny Granger
91%
Suns
Steve Nash
91%
Clippers
Eric Gordon
88.6%
Rockets
Kevin Martin
88%
Nets
Devin Harris
88%
Grizzlies
Rudy Gay
86.1%
Trail Blazers
LaMarcus Aldridge
85.5%
Bobcats
Gerald Wallace
84.9%
Pistons
Rodney Stuckey
83.7%
Nuggets
Nene
78.9%
Grizzlies
Zach Randolph
78.3%
Rockets
Luis Scola
75.3%
Hawks
Jamal Crawford
69.3%
Knicks
Danilo Gallinari
64.5%
Raptors
DeMar DeRozan
53.6%
Bucks
Corey Maggette
49.4%
Trail Blazers
Wesley Matthews
42.8%
Quiz Playlist
Details
Report
Send in Message
Add To Playlist
Classic:
Type in answers that appear in a list
Quiz Source
Last Updated: Feb 16, 2017
Quiz Scoreboard
CHALLENGE
Sign Up to Join the Scoreboard
Show All
Scores
Hide
Comments
May contain spoilers
Recently Published
College Basketball Coaching Resumes
by pancakes188
Sports
9m
Billboard Blitz: Fleetwood Mac
by CooCooCachoo
Music
15s
Presidents Visiting Landmarks
by Hejman
History
7m
More to Explore
Quiz From the Vault
Featured Blog Post
Where Did the Easter Bunny Come From?
hide this ad
You Might Also Like...
Tags
Basketball Quiz
NBA Quiz
118
free
Player
team
Throw
Top 40
Today's Top Quizzes in Sports
Browse Sports
hide this ad
Today's Top Quizzes in NBA
Browse NBA
Top Contributed Quizzes in Sports
1
2022 World Cup Stars
2
Les meilleurs buteurs des matchs entre le PSG et l’OM
3
FIFA Club World Cup Champions
4
Les entraîneurs de l'OM et du PSG au 21e siècle
5
Criteria MLB: Left Handed Sluggers
6
AFC Teams Reveal (Wrong Answers Minefield)
7
2023 MLB Unique Player Accomplishments
8
Players with Multiple 50 Home Run Seasons
9
5-to-1: FBS Animal Nicknames
10
5-to-1: UK Sports Teams
Explore More
Trending Topics
Marvel
Harry Potter
Anime
Crossword
NBA
Kpop
Disney
Puzzle
NFL
Pokémon
Country
Soccer
The Office
WWE
Song
hide this ad
More By:
Earlg33
Quiz
Plays
Rating
Category
Featured
Created
NBA 30 Pt/10 Rb/10 Ast Games (2000-2011)
15,672
4.22
Sports
Mar 30, 2011
NBA Top 50 Career Rebounds MINES
6,629
2.71
Sports
Jun 19, 2011
NBA Top 50 Career Assists MINES
6,449
2.69
Sports
Jun 19, 2011
NBA Top 40 In PPG As Of 1/9/11
4,426
4.24
Sports
Jan 9, 2011
NBA 20 Pts 20 Reb 5 Ast in one Game 00-01 to 10-11
3,072
4.53
Sports
Apr 3, 2011
Go to Creator's Profile
Score Distribution
Quiz Creator Spotlight
Earlg33
Follow
Send a Message
Quizzes Created
-
Created Quiz Play Count
-
More By This Creator
Popular Quizzes Today
1
Find the US States - No Outlines Minefield
2
Find the Countries of Europe - No Outlines Minefield
3
The Countries of the World
4
Find the US States
5
Risky Map Clicking: Biggest States A-Z
6
US States
7
Popular People in 1961
8
Movies - When Are They Set?
More Sports Quizzes
Most Valuable European Soccer Players 2022
Quiz Lab
Trending Quizzes
Risky Map Clicking: Least Populous States A-Z
1-10 Letter G Words
1-10 Letter F Words
Risky Map Clicking: Next State Alphabetically
Risky Map Clicking: Biggest States A-Z
Recently Updated
Leaping Animals
pecheneg
Reality TV Shows (A-Z)
bhenderson79
Rickey Henderson's Hall of Fame Teammates
pecheneg
Champions League XIs: Arsenal
pecheneg
Quick Pick: Celebrities in WWE's Hall of Fame
aduchscher
A-Z Keypad Blitz II
pecheneg
Multiple Oscar Actors
pecheneg
Mystery Phrase Blitz: Oscar 'Best Actors'
pecheneg
F. Scott Fitzgerald Novels
LTH
Pick 3 Villains
ddd62291
Trending Topics
Crossword
Marvel
Harry Potter
Disney
Kpop
NBA
Anime
NFL
Song
Pokémon
The Office
WWE
Puzzle
Country
Soccer
Your Account Isn't Verified!
In order to create a playlist on Sporcle, you need to verify the email address you used during registration. Go to your
Sporcle Settings
to finish the process.
Report this User
Report this user for behavior that violates our
Community Guidelines
.
Details:
Send Report
Go to the Sporcle.com Mobile Site →
Comments